<?xml version="1.0" encoding="UTF-8"?>
<record
    xmlns:xsi="http://www.w3.org/2001/XMLSchema-instance"
    xsi:schemaLocation="http://www.loc.gov/MARC21/slim http://www.loc.gov/standards/marcxml/schema/MARC21slim.xsd"
    xmlns="http://www.loc.gov/MARC21/slim">

  <leader>00838nam a2200205Ia 4500</leader>
  <controlfield tag="003">OSt</controlfield>
  <controlfield tag="005">20251129125340.0</controlfield>
  <controlfield tag="008">210719s1981    xx            000 0 und d</controlfield>
  <datafield tag="040" ind1=" " ind2=" ">
    <subfield code="c">AL</subfield>
  </datafield>
  <datafield tag="041" ind1=" " ind2=" ">
    <subfield code="a">Kannada</subfield>
  </datafield>
  <datafield tag="082" ind1=" " ind2=" ">
    <subfield code="a">K894.9 MULV</subfield>
  </datafield>
  <datafield tag="100" ind1=" " ind2=" ">
    <subfield code="a">MULIYA MAHABALA BHATTA MATTU BALAKRASHNA SHETTI POLALI (A)</subfield>
    <subfield code="9">70559</subfield>
    <subfield code="d">&#xCAE;&#xCC1;&#xCB3;&#xCBF;&#xCAF; &#xCAE;&#xCB9;&#xCBE;&#xCAC;&#xCB2; &#xCAD;&#xC9F;&#xCCD;&#xC9F; &#xCAE;&#xCA4;&#xCCD;&#xCA4;&#xCC1;  &#xCAC;&#xCBE;&#xCB2;&#xC95;&#xCC3;&#xCB7;&#xCCD;&#xCA3; &#xCB6;&#xCC6;&#xC9F;&#xCCD;&#xC9F;&#xCBF; &#xCAA;&#xCCA;&#xCB3;&#xCB2;&#xCBF; (&#xC8E;) .</subfield>
  </datafield>
  <datafield tag="245" ind1=" " ind2=" ">
    <subfield code="a">Shri Tekkunje Nenapu: Varnamale: Smarakopanyasa sankalana</subfield>
    <subfield code="b">&#xCB6;&#xCCD;&#xCB0;&#xCC0; &#xCA4;&#xCC6;&#xC95;&#xCCD;&#xC95;&#xCC1;&#xC82;&#xC9C;&#xCC6; &#xCA8;&#xCC6;&#xCA8;&#xCAA;&#xCC1;: &#xCB5;&#xCB0;&#xCCD;&#xCA3;&#xCAE;&#xCBE;&#xCB2;&#xCC6;: &#xCB8;&#xCCD;&#xCAE;&#xCBE;&#xCB0;&#xC95;&#xCCB;&#xCAA;&#xCA8;&#xCCD;&#xCAF;&#xCBE;&#xCB8; &#xCB8;&#xC82;&#xC95;&#xCB2;&#xCA8; </subfield>
  </datafield>
  <datafield tag="260" ind1=" " ind2=" ">
    <subfield code="a">Mangaluru</subfield>
    <subfield code="b">Kannada Sangha</subfield>
    <subfield code="c">1981</subfield>
  </datafield>
  <datafield tag="300" ind1=" " ind2=" ">
    <subfield code="a">-</subfield>
    <subfield code="b">PB</subfield>
  </datafield>
  <datafield tag="365" ind1=" " ind2=" ">
    <subfield code="b">30</subfield>
    <subfield code="c">Rs</subfield>
  </datafield>
  <datafield tag="650" ind1=" " ind2=" ">
    <subfield code="a">Kannada Criticism</subfield>
    <subfield code="9">70560</subfield>
  </datafield>
  <datafield tag="906" ind1=" " ind2=" ">
    <subfield code="a">Tekkunja</subfield>
  </datafield>
  <datafield tag="942" ind1=" " ind2=" ">
    <subfield code="2">ddc</subfield>
    <subfield code="c">BK</subfield>
  </datafield>
  <datafield tag="999" ind1=" " ind2=" ">
    <subfield code="c">212329</subfield>
    <subfield code="d">212329</subfield>
  </datafield>
  <datafield tag="952" ind1=" " ind2=" ">
    <subfield code="0">0</subfield>
    <subfield code="1">0</subfield>
    <subfield code="2">ddc</subfield>
    <subfield code="4">0</subfield>
    <subfield code="7">0</subfield>
    <subfield code="8">KAN</subfield>
    <subfield code="a">AL</subfield>
    <subfield code="b">AL</subfield>
    <subfield code="d">2002-11-08</subfield>
    <subfield code="g">30.00</subfield>
    <subfield code="l">0</subfield>
    <subfield code="o">K894.9 MULV</subfield>
    <subfield code="p">D00355</subfield>
    <subfield code="r">2021-07-19 00:00:00</subfield>
    <subfield code="w">2021-07-19</subfield>
    <subfield code="y">DB</subfield>
  </datafield>
</record>
